Statistiques concernant Joueurs NBA les plus petits en 2022

Cliquez ici pour prendre le quiz!

Statistiques générales

  • Ce quiz a été pris 99 fois
  • Le résultat moyen est 2 sur 11

Statistiques - réponses

TailleJoueurs% Correct
1m75Isaiah Thomas
84%
1m83Chris Paul
57%
1m83Kyle Lowry
28%
1m83Davion Mitchell
15%
1m78Facundo Campazzo
12%
1m82Tyus Jones
12%
1m83Kemba Walker
10%
1m83Aaron Holiday
9%
1m80D.J. Augustin
3%
1m83Trey Burke
1%
1m80Chris Chiozza
0%

Distribution des résultats

Percentile par nombre de réponses

% des personnes avec chaque résultat

Votre développement - résultats

Vous n’avez pas pris ce quiz